| 000 -LEADER |
| fixed length control field |
00858cam a2200205 a 4500 |
| 020 ## - INTERNATIONAL STANDARD BOOK NUMBER |
| ISBN |
0933332912 : |
| 040 ## - CATALOGING SOURCE |
| Transcribing agency |
DLC |
| 082 00 - DEWEY DECIMAL CLASSIFICATION NUMBER |
| Classification number |
016 SFC 1994 C149 Or. |
| 100 1# - MAIN ENTRY--AUTHOR NAME |
| Personal name |
Shurtleff, William, |
| 245 10 - TITLE STATEMENT |
| Title |
Green vegetable soybeans (edamamé) and vegetable-type soybeans : |
| Remainder of title |
bibliography and sourcebook, 3rd century A.D. to 1994 : detailed information on 648 published documents (extensively annotated bibliography), 30 commercial green vegetable soybean products, 20 original interviews (many full text) and overviews, 28 unpublished archival documents / |
| 260 ## - PUBLICATION, DISTRIBUTION, ETC. (IMPRINT) |
| Place of publication |
Lafayette, CA : |
| Name of publisher |
Soyfoods Center, |
| Year of publication |
c1994. |
| 300 ## - PHYSICAL DESCRIPTION |
| Number of Pages |
265 p. ; |
| Dimensions |
29 cm. |
| 490 1# - SERIES STATEMENT |
| Series statement |
Bibliographies and sourcebooks on soya series |
| 500 ## - GENERAL NOTE |
| General note |
Includes indexes. |
| 650 #0 - SUBJECT ADDED ENTRY--TOPICAL TERM |
| Topical Term |
Soybean |
| 650 #0 - SUBJECT ADDED ENTRY--TOPICAL TERM |
| Topical Term |
Soyfoods |
| 650 #0 - SUBJECT ADDED ENTRY--TOPICAL TERM |
| Topical Term |
Vegetables |
| 700 1# - ADDED ENTRY--PERSONAL NAME |
| Personal name |
Aoyagi, Akiko. |
| 942 ## - ADDED ENTRY ELEMENTS (KOHA) |
| Koha item type |
ADB |
| 952 ## - LOCATION AND ITEM INFORMATION (KOHA) |
| Withdrawn status [LOCAL, KOHA] |
0 |